000 00416nam a2200121Ia 4500
008 220615s9999||||xx |||||||||||||| ||und||
100 _aWen Wang
245 0 _aAdvances in Chemical Sensors
546 _aEnglish[eng]
650 _aApplied Chemistry||Physical Sciences||Engineering and Technology||Chemistry||Analytical Chemistry
856 _uhttps://www.intechopen.com/books/advances-in-chemical-sensors
942 _cEB
999 _c7540
_d7540